00868nam a2200241Ia 4500001000600000003000900006008004100015040001300056040001300069041001200082100001800094100002900112245006000141245005800201250001100259260001100270260002600281260004900307300005900356500013700415650004300552650003100595F0096IT-RoPAU130308s9999 xx 000 0 und d aIT-RoPAU cIT-RoPAU aINGLESE aWise Patricia gCodice Aut. SPICS: 49972 aAlways Already Virtual: Feminist Politics in Cyberspace bVirtual Politics - Identity & Community in Cyberspace a1a ed. aLONDON bSage Publications Ltd c1997 [1° Ed.:1997 - Ed.Ling.Originale:1997] a"18 p. (prefazione: no ; testo: 18 [pagine: 179-196])" aSempre Virtuale: Politica femminista nel Cyberspazio. donna Oggetto Tecnologica. Ripensare L'Identità€ Virtuale. presenza Virtuale. aSOCIOLOGIA DELLA COMUNICAZIONE SOCIALE eCodice materia Spics: 3806